| 000 | 00841nam a2200253Ia 4500 | ||
|---|---|---|---|
| 003 | OSt | ||
| 005 | 20220923212940.0 | ||
| 006 | a|||||r|||| 00| 0 | ||
| 007 | ta | ||
| 008 | 220922b |||||||| |||| 00| 0 hin d | ||
| 024 | _a157,265 | ||
| 037 | _cTextual | ||
| 040 |
_aARTS _cARTS _bhin |
||
| 041 |
_2hin _ahin |
||
| 082 | _aP,7, 152L7 | ||
| 100 |
_aसुरेश कुमार; तिवारी, भोलानाथ _9162830 |
||
| 245 | 0 | _aशैली विज्ञान | |
| 246 | _aShailī vijnyāna | ||
| 260 |
_aदिल्ली _b मैकमिलन कम्पनी _c1977 |
||
| 300 |
_a261 पृ. _ccm. |
||
| 650 | _aहिन्दी भाषा | ||
| 942 |
_hP,7, 152L7 _cTEXL _2CC |
||
| 999 |
_c312482 _d312482 |
||